Geografía postal (Record no. 184525)

MARC details
000 -LEADER
campo de control de longitud fija 01356nam a2200325 i 4500
001 - NÚMERO DE CONTROL
campo de control 184525
003 - IDENTIFICADOR DE NÚMERO DE CONTROL
campo de control ES-MaACL
005 - FECHA Y HORA DE LA ÚLTIMA TRANSACCIÓN
campo de control 20230906222222.0
008 - DATOS DE LONGITUD FIJA--INFORMACIÓN GENERAL
campo de control de longitud fija 151007s2012 sp afo c |||| |dspa d
020 ## - NÚMERO INTERNACIONAL ESTÁNDAR DEL LIBRO
Número Internacional Estándar del Libro 978-84-934916-2-8
080 ## - NÚMERO DE LA CLASIFICACIÓN DECIMAL UNIVERSAL
Número de la Clasificación Decimal Universal 929 García Lorca, Federico (060.64)
080 ## - NÚMERO DE LA CLASIFICACIÓN DECIMAL UNIVERSAL
Número de la Clasificación Decimal Universal 769(100)(060.64)
245 00 - MENCIÓN DEL TÍTULO
Título Geografía postal
Resto del título : las postales de las familias García Lorca y De los Ríos /
Mención de responsabilidad, etc. selección de Martin Parr ; texto de Enrique Vila-Matas ; [comisarios, Martin Parr, Cecilia Gandarias].
260 ## - PUBLICACIÓN, DISTRIBUCIÓN, ETC.
Lugar de publicación, distribución, etc. Madrid :
Nombre del editor, distribuidor, etc. Instituto Cervantes :
-- This Side Up,
Fecha de publicación, distribución, etc. [2012]
300 ## - DESCRIPCIÓN FÍSICA
Extensión 163 p. :
Otras características físicas principalmente il. col. y n. ;
Dimensiones 24 cm.
500 ## - NOTA GENERAL
Nota general Cronología: p. 121-[152]
500 ## - NOTA GENERAL
Nota general Índice.
585 ## - NOTA DE EXPOSICIONES
Nota de exposiciones Exposición itinerante.
600 37 - PUNTO DE ACCESO ADICIONAL DE MATERIA--NOMBRE DE PERSONA
Nombre de persona García Lorca (Familia)-
Subdivisión general Colecciones de tarjetas postales-
Subdivisión de forma Exposiciones.
9 (RLIN) 157854
600 37 - PUNTO DE ACCESO ADICIONAL DE MATERIA--NOMBRE DE PERSONA
Nombre de persona Ríos (Familia)-
Subdivisión general Colecciones de tarjetas postales-
Subdivisión de forma Exposiciones.
9 (RLIN) 157855
600 14 - PUNTO DE ACCESO ADICIONAL DE MATERIA--NOMBRE DE PERSONA
Nombre de persona García Lorca, Federico,
Fechas asociadas al nombre 1898-1936-
Subdivisión de forma Correspondencia
9 (RLIN) 54856
650 #4 - PUNTO DE ACCESO ADICIONAL DE MATERIA--TÉRMINO DE MATERIA
Término de materia o nombre geográfico como elemento de entrada Tarjetas postales.
9 (RLIN) 147237
655 #7 - TERMINO DE INDIZACIÓN--GENERO/FORMA
Fuente del término tgfbne
9 (RLIN) 193628
Datos o término principal de género/forma Catálogos de exposiciones
700 1# - ENTRADA AGREGADA--NOMBRE PERSONAL
Nombre de persona Parr, Martin (
Fechas asociadas al nombre 1952-)
9 (RLIN) 157856
700 1# - ENTRADA AGREGADA--NOMBRE PERSONAL
Nombre de persona Vila-Matas, Enrique.
9 (RLIN) 114728
700 1# - ENTRADA AGREGADA--NOMBRE PERSONAL
Nombre de persona Gandarias Tena, Cecilia.
9 (RLIN) 157857
852 ## - LOCALIZACIÓN
Ubicación ES-MaACL
Número de control de estantería N-6577
942 ## - ELEMENTOS DE ENTRADA SECUNDARIOS (KOHA)
Fuente del sistema de clasificación o colocación Clasificación decimal universal
Holdings
Estatus retirado Estado de pérdida Estado de daño No para préstamo Biblioteca de origen Biblioteca actual Ubicación en estantería Fecha de adquisición Fuente de adquisición Total de préstamos Signatura topográfica completa Código de barras Visto por última vez Precio de reemplazo Tipo de ítem Koha
        Biblioteca del Ateneo de Madrid Biblioteca del Ateneo de Madrid Sala Pecera Depósito 2 07/10/2015     N-6577 1194228 23/02/2023 23/02/2023 Libro impreso